1563 1806 1448 1499 1927 1785 1360 1568 1689 1752 1945 1076 1790 1852 1012 1740 1700 1943 1607 1300 1541 1464 1288 1085 1466 1353 1067 1290 1103 1298 1637 1691 1584 1485 1076 1725 1870 1518 1220 1135 1441 1098 1918 1365 1532 1137 1702 1506 1463 1476 1775 1156 1390 1802 1278 1298 1425 1228 1786 1365 1258 1486 1331 1246 1982 1332 1924 1400 1163 1926 1138 1162 1621 1907 1985 1724 1774 1203 1201 1899 1171 1940 1720 1410 1541 1324 1560 1242 1877 1588 1421 1104 1522 1300 1757 1907 1429 1024 1186 BCNSPRNW ULIB Ver.6.0+V

เปลี่ยนเป็นภาษาไทย

Change to English
 แสดงรายละเอียดบรรณานุกรม
  กลับหน้าหลัก

Brief Record : Get Marc (ISO 2709) : E-mail record : QR code < ปิดหน้าต่าง
LEADER : 00000nam 2200000uu 4500
001    13399121670
003     ULIB
008    121129s2550||||th 000 0 tha d
020    ^a9749749427156
060  0 ^aWS105^bค695ก
110 1  ^aคณาจารย์โรงเรียนบ้านเด็กไทย
245 00 ^aคู่มือภาคปฏิบัติการ การดูแลเด็กเล็ก ^cคณาจารย์โรงเรียนบ้านเด็กไทย
260    ^aกรุงเทพฯ :^bโรงเรียนบ้านเด็กไทย,^c2550
300    ^a78 หน้า: ^bภาพประกอบ.
650  7 ^aเด็ก^xการเลี้ยง
650  7 ^aพัฒนาการเด็ก
650  7 ^aเด็ก^xการป้องกันอุบัติเหตุ
650  7 ^aนมและอาหารเสริม
945    ^p0^l0^i14392
945    ^p0^l0^i17952
945    ^p0^l0^i17953
945    ^p0^l0^i17954
945    ^p0^l0^i17955
945    ^p0^l0^i17956
995    ^aวิภา
999    ^aใช้งานได้ทุกระบบ
รายการนี้ยังไม่มีแท็ก
คุณยังไม่ได้ล็อกอิน คุณสามารถมีกิจกรรมร่วมกับเว็บไซต์ได้ แต่ต้องล็อกอินก่อน ::
  ล็อกอิน

รายการสื่อสารสนเทศ

ลำดับที่ ประเภท เลขเรียก/บาร์โค้ด สถานที่ สถานะ
1. วิทยาศาสตร์การแพทย์ และสุขภาพ
วิทยาศาสตร์การแพทย์ และสุขภาพ
WS105 ค695ก  
  Barcode: 14392
ห้องสมุดวิทยาเขตสวรรค์ประชารักษ์
►ส่วนจัดเก็บหนังสือเก่า สปร
บนชั้น
  ขอยืม

รายการใกล้เคียง
    หัวเรื่อง [พัฒนาการเด็ก]
    หัวเรื่อง [นมและอาหารเสริม]

BibComment


ยังไม่เคยถูกคอมเมนท์

คอมเมนท์ทรัพยากรรายการนี้
  คอมเมนท์: คู่มือภาคปฏิบัติ..


 Copyright 2026. Bcnsprnw @Library